00579nam a2200157 a 450000100100000000500170001000800410002702000150006804000250008308200130010810000190012124501730014026000310031330000210034450000560036500004056620201002034223.0130902s1998 mx 000 0 spa d a9681803841 aDO-SdBNPbspacBNPHU axxxbxxx1 aRobb, Louis A.10aDiccionario de términos legales = Dictionary of legal terms :bespañol - inglés e inglés - español = spanish - english and english - spanish /cLouis A. Robb. aMéxico :bLimusa,c1998. a228 p. ;c23 cm. aLa biblioteca posee la vigesimocuarta reimpresión